00885cam a22003017a 450000500170000000800410001701000100005801100100006803500100007808200160008811000080010424500210011226000230013330000150015649000260017159000410019759000410023859000410027959000420032065000250036270000240038770000240041170000220043583000330045790100070049094900690049799900170056620220817043109.0971010s1986 r 00010 d a65529 a66501 a74720 a631.43bF3y2 aFAO14aLos lisímetros aRoma :bFAO,c1986 a60 p. ilus 0aRiego y drenajev; 39 aBATCH-UPDb10c20130110lUCH01h1407 aBATCH-UPDb10c20130410lUCH01h0855 aBATCH-UPDb10c20130914lUCH01h1726 aCONVERSIONb10c20130109lUCH01h133614aLisímetros.9670890 aAboukhaled, P.92890 aAlfaro, J. F.939250 aSmith, M.9107077 0aRiego y drenajev; 39997387 aBK a631.43 F3ybScLIBROd-7618eLIBROgI.c/eh3775i74720sit23.40 c65529d65529